00367nam a2200157Ia 4500008004100000041000800041082001600049100001600065245002500081260003300106300000900139500001900148500001000167650001600177700001600193230125s9999 xx 000 0 und d aeng a511.42bKUL aKulkarni V aMathematical Methods c1995bNirali PrakashanaPune a269p aMM,Mathematics aMaths aMathematics aKulkarni V